000 02500nam a22002057a 4500
999 _c29867
_d29867
003 OSt
005 20200704182626.0
008 181007b ||||| |||| 00| 0 eng d
040 _cNZNBRL
245 _aStarting with Me: Knowing Myself Before Finding a Partner: 9 Transformative Steps Based on the Baha'i Faith's Teachings About Relationships and Marriage
260 _aTennesee
_bMarriage Transformation LLC
_c2018
300 _a194 p.
505 _aWhatever your age or life circumstances, Starting with Me helps you prepare yourself for marriage and lay a solid foundation for your future. It offers uncommon wisdom from the Bahá’í teachings, time-tested guidance from relationship and character specialists, insights from everyday people on this journey, and transformative questions and exercises. By the time you’re in a relationship or marriage, it’s too late to prepare yourself! It’s time to stop “trial and error” and hoping for good luck. Take charge of your life today! This book is self-help for singles… Learn the steps to get yourself ready for marriage before you start a relationship: 9 Transformative Steps Based on the Baha’i Faith’s Teachings About Relationships and Marriage Starting with Me will empower you to: • Live a full and happy life that includes service to others • Learn from past relationships, and move forward • Conquer your fears and doubts, and avoid those nasty pitfalls • Know yourself and your character—and be able to study a potential partner’s character • Form realistic expectations and wishes for a partner • Form friendships that may later become a great match! While you’ll start with yourself, we give you plenty of ideas for involving others on your journey, and Starting with Me also lends itself to group study. Whether you’re excited, nervous, doubtful, or optimistic, take a deep breath and smile, for help and hope are at hand! One reader shared: “The unique ideas in each chapter, and the profound quotations from the Bahá’í writings opened my eyes to new and helpful ways of viewing marriage. The benefit I got from Starting with Me really skyrocketed when I began to complete the exercises that help us tailor the concepts to our lives.”
650 0 _9388
_aFamily relations
_vBaha'i Faith
654 _aMarriage
_vBaha'i Faith
_9150
700 _9765
_aSusanne Alexander
700 _9148
_aJohanna Merritt Wu
700 _9149
_aJeremy Lambshead
942 _2ddc
_cBOOK